Internet linguistics : (رقم التسجيلة. 26707)

تفاصيل مارك
000 -الفاتح
حقل البيانات ثابتة الطول 01330cam a2200337 a 4500
001 - رقم الضبط
رقم الضبط 651914359
003 - محدد رقم الضبط
رقم الضبط OCoLC
005 - وقت وتاريخ اخر تعامل مع التسجيلة
رقم الضبط 20150408114108.0
008 - عناصر البيانات ثابتة الطول - معلومات عامة
حقل البيانات ثابتة الطول 100817s2011 enka 001 0 eng
010 ## - رقم ضبط مكتبة الكونجرس
رقم ضبط مكتبة الكونجرس 2010034571
020 ## - الرقم الدولى المعيارى للكتب
الرقم الدولى المعيارى للكتاب 9780415602686
شروط الاتاحة (hardback)
020 ## - الرقم الدولى المعيارى للكتب
الرقم الدولى المعيارى للكتاب 0415602688
شروط الاتاحة (hardback)
020 ## - الرقم الدولى المعيارى للكتب
الرقم الدولى المعيارى للكتاب 9780415602716
شروط الاتاحة (pbk.)
020 ## - الرقم الدولى المعيارى للكتب
الرقم الدولى المعيارى للكتاب 0415602718
شروط الاتاحة (pbk.)
020 ## - الرقم الدولى المعيارى للكتب
الرقم الدولى المعيارى للكتاب 9780203830901
شروط الاتاحة (ebook)
020 ## - الرقم الدولى المعيارى للكتب
الرقم الدولى المعيارى للكتاب 0203830903
شروط الاتاحة (ebook)
035 ## - رقم ضبط النظام
رقم ضبط النظام (OCoLC)651914359
040 ## - مصدر الفهرسة
وكالة الفهرسة الأصلية DLC
وكالة النسخ DLC
وكالة التعديل YDX
-- BTCTA
-- UKM
-- YDXCP
-- ERASA
-- CDX
-- BWX
050 00 - رقم طلب مكتبة الكونجرس
رقم التصنيف P98.5.I57
رقم المادة C75 2011
082 ## - رقم تصنيف ديوى العشرى
رقم الطبعة 22
رقم التصنيف 004.6014
رقم المادة CDI
100 1# - المدخل الرئيسى - إسم شخصى
الإسم الشخصى Crystal, David,
التواريخ المصاحبة للاسم 1941-
9 (RLIN) 7961
245 10 - بيان العنوان
العنوان Internet linguistics :
بقية العنوان a student guide /
بيان المسئوليه,etc David Crystal.
260 ## - PUBLICATION, DISTRIBUTION, ETC. (IMPRINT)
مكان الناشر او الموزع Abingdon, Oxon ;
-- New York, NY :
اسم الناشر او الموزع Routledge,
تاريخ النشر أو التوزيع 2011.
300 ## - الوصف المادى
التعداد ix, 179 p. :
تفاصيل ماديه اخرى للوعاء ill. ;
أبعاد الوعاء 20 cm.
504 ## - تبصرة ببليوجرافية
تبصرة ببليوجرافية,الخ Includes bibliographical references and index.
505 0# - تبصرة محتويات-الفهرس
تبصرة المحتويات المصاغة Linguistic perspectives -- The Internet as a medium -- A microexample: Twitter -- Language change -- A multilingual internet -- Applied internet linguistics -- A forensic case study -- Towards a theoretical internet linguistics -- Research directions and activities.
650 #0 - المدخل الاضافى بالموضوع-مصطلح موضوعى
مصطلح موضوعي أو اسم جغرافي كعنصر مدخل Computational linguistics.
9 (RLIN) 3419
650 #0 - المدخل الاضافى بالموضوع-مصطلح موضوعى
مصطلح موضوعي أو اسم جغرافي كعنصر مدخل Internet.
650 #0 - المدخل الاضافى بالموضوع-مصطلح موضوعى
مصطلح موضوعي أو اسم جغرافي كعنصر مدخل Internet
التقسيم الفرعي العام Social aspects.
9 (RLIN) 10574
942 ## - عناصر المدخل الإضافي( كوها)
مصدر التصنيف او مخطط الترفيف Dewey Decimal Classification
Koha [default] item type DVD
المقتنيات
حالة الفقد نموذج السعر الفعال حالة تلف ليس للاعارة رقم الطلب تاريخ الاكتساب الموقع الحالي الباركود الفرع الرئيسي Date last seen نوع المادة فى نظام كوها مصدر التصنيف او خطة الترفيف Total Checkouts
  2013-03-10     004.6014 CDI 2012-12-29 المكتبة المركزية بالمجمعة (CL) 00401745 المكتبة المركزية بالمجمعة (CL) 2013-03-10 كتاب Dewey Decimal Classification  
  2013-03-10     004.6014 CDI 2012-12-29 المكتبة المركزية بالمجمعة (CL) 00401746 المكتبة المركزية بالمجمعة (CL) 2013-03-10 كتاب Dewey Decimal Classification  
  2013-03-10     004.6014 CDI 2013-01-01 المكتبة المركزية بالمجمعة (CL) 00401624 المكتبة المركزية بالمجمعة (CL) 2013-03-10 كتاب Dewey Decimal Classification